Southville International School and Colleges
Your cart is empty.
  • Cart
  • Lists
    Public lists Eva Luna New books Lux_list list_1
    Your lists Log in to create your own lists
  • Log in to your account
  • Your cookies
  • Search history
Southville International School and Colleges
  • Advanced search
  • Recent comments
  • Most popular
  • Libraries

Log in to your account

Log in with GOOGLE


If you do not have an external account, but do have a local account, you can still log in:

  1. Home
  2. MARC view: Bubble gum and hula hoops :
Normal view MARC view ISBD view

Bubble gum and hula hoops : (Record no. 3853)

[ view plain ]
MARC details
000 -LEADER
fixed length control field 01684cam a22004337a 4500
001 - CONTROL NUMBER
control field 16298628
003 - CONTROL NUMBER IDENTIFIER
control field OSt
005 - DATE AND TIME OF LATEST TRANSACTION
control field 20260209175912.0
008 - FIXED-LENGTH DATA ELEMENTS--GENERAL INFORMATION
fixed length control field 100623s2010 nyua 001 0 eng d
010 ## - LIBRARY OF CONGRESS CONTROL NUMBER
LC control number 2010459082
020 ## - INTERNATIONAL STANDARD BOOK NUMBER
International Standard Book Number 9780399535628
020 ## - INTERNATIONAL STANDARD BOOK NUMBER
International Standard Book Number 0399535624
035 ## - SYSTEM CONTROL NUMBER
System control number (OCoLC)ocn426803763
040 ## - CATALOGING SOURCE
Original cataloging agency BTCTA
Transcribing agency BTCTA
Modifying agency NAB
-- VP@
-- DLC
042 ## - AUTHENTICATION CODE
Authentication code lccopycat
050 00 - LIBRARY OF CONGRESS CALL NUMBER
Classification number T 15
Item number .Ol48 2007
082 04 - DEWEY DECIMAL CLASSIFICATION NUMBER
Classification number REF 031
Item number O46 2007
100 1# - MAIN ENTRY--PERSONAL NAME
Personal name Oliver, Harry.
245 10 - TITLE STATEMENT
Title Bubble gum and hula hoops :
Remainder of title the origins of objects in our everyday lives /
Statement of responsibility, etc Harry Oliver.
250 ## - EDITION STATEMENT
Edition statement 1st American ed.
260 ## - PUBLICATION, DISTRIBUTION, ETC. (IMPRINT)
Place of publication, distribution, etc New York, N.Y. :
Name of publisher, distributor, etc Perigee :
-- Penguin Group,
Date of publication, distribution, etc c2007.
300 ## - PHYSICAL DESCRIPTION
Extent xiii, 223 p. :
Other physical details ill. ;
Dimensions 21 cm.
500 ## - GENERAL NOTE
General note "Originally published as Cat flaps and mousetraps in Great Britain in 2007 by John Blake Publishing Ltd."--P. [iv]
500 ## - GENERAL NOTE
General note Includes index.
520 ## - SUMMARY, ETC.
Summary, etc 1. Facts--Science and technology
562 ## - COPY AND VERSION IDENTIFICATION NOTE
Number of copies 1
650 #0 - SUBJECT ADDED ENTRY--TOPICAL TERM
Topical term or geographic name as entry element Inventions
General subdivision History.
650 #0 - SUBJECT ADDED ENTRY--TOPICAL TERM
Topical term or geographic name as entry element Civilization, Modern
Form subdivision Miscellanea.
650 #0 - SUBJECT ADDED ENTRY--TOPICAL TERM
Topical term or geographic name as entry element Popular culture
Form subdivision Miscellanea.
650 #0 - SUBJECT ADDED ENTRY--TOPICAL TERM
Topical term or geographic name as entry element Material culture
Form subdivision Miscellanea.
650 #0 - SUBJECT ADDED ENTRY--TOPICAL TERM
Topical term or geographic name as entry element Handbooks, vade-mecums, etc.
700 1# - ADDED ENTRY--PERSONAL NAME
Personal name Oliver, Harry.
Title of a work Cat flaps and mousetraps.
856 42 - ELECTRONIC LOCATION AND ACCESS
Materials specified Contributor biographical information
Uniform Resource Identifier <a href="http://www.loc.gov/catdir/enhancements/fy1101/2010459082-b.html">http://www.loc.gov/catdir/enhancements/fy1101/2010459082-b.html</a>
856 42 - ELECTRONIC LOCATION AND ACCESS
Materials specified Publisher description
Uniform Resource Identifier <a href="http://www.loc.gov/catdir/enhancements/fy1101/2010459082-d.html">http://www.loc.gov/catdir/enhancements/fy1101/2010459082-d.html</a>
906 ## - LOCAL DATA ELEMENT F, LDF (RLIN)
a 7
b cbc
c copycat
d 2
e ncip
f 20
g y-gencatlg
942 ## - ADDED ENTRY ELEMENTS (KOHA)
Source of classification or shelving scheme Library of Congress Classification
Koha item type Books
Holdings
Withdrawn status Lost status Source of classification or shelving scheme Damaged status Home library Current library Shelving location Date acquired Source of acquisition Total Checkouts Full call number Barcode Date last seen Copy number Price effective from Koha item type
    Library of Congress Classification   Luxembourg Library Luxembourg Library Reference Section 07/04/2013 Donation   T 15 .Ol48 2007 19008 08/13/2013 1 07/04/2013 Books

Bubble gum and hula hoops :

APA

Oliver H., Oliver H., . (2007). Bubble gum and hula hoops. New York, N.Y: Perigee.

Chicago

Oliver Harry, Oliver Harry, . 2007. Bubble gum and hula hoops. New York, N.Y: Perigee.

Harvard

Oliver H., Oliver H., . (2007). Bubble gum and hula hoops. New York, N.Y: Perigee.

MLA

Oliver Harry, Oliver Harry, . Bubble gum and hula hoops. New York, N.Y: Perigee. 2007.

  • Place hold
  • Print
  • Cite
  • Add to your cart (remove)
  • Save record
    BIBTEX Dublin Core MARCXML MARC (non-Unicode/MARC-8) MARC (Unicode/UTF-8) MARC (Unicode/UTF-8, Standard) MODS (XML) RIS
  • More searches
    Search for this title in:
    Other Libraries (WorldCat) Other Databases (Google Scholar) Online Stores (Bookfinder.com) Open Library (openlibrary.org)

Exporting to Dublin Core...

SOUTHVILLE LIBRARY

Southville International School and Colleges Library

1281 Tropical Ave. Cor. Luxembourg St., BF Homes International, Las Pinas City

Tel. No. 8256374 / 252358 Loc. 117/146

Powered by Koha